000 00265nam a22001217a 4500
003 OSt
005 20250702130334.0
008 250702b |||||||| |||| 00| 0 eng d
040 _aDLC
_beng
_cDLC
082 _a333.72092
245 _aUnbowed: A Memoir
942 _2ddc
_cBK
999 _c4112
_d4112